000 01210naa a22003017a 4500
001 BR6010109
003 BR-BrBNA
005 20240918173146.0
007 ta
008 230509b bl.||||| |||| 00| 0 por d
040 _aBR-BrBNA
_bpor
_cBiblioteca Nacional de Agricultura
041 _a(Pt)
072 _aL00
_b5213
_bG514
090 _aL00 BR6010109
100 1 _aJordao, L.P.
111 1 _a1. Congresso Pecuario do Brasil Central
_cBarretos, SP (Brazil)
_d18 Apr 1941
245 1 _aOs concursos de bois gordos e os controles de carne no melhoramento da pecuaria de corte do Brasil Central
260 3 _aSao Paulo, SP (Brasil):
_bSociedade Impressora Brasileira - Brusco,
_c1942.
500 _aAnais do 1. Congresso Pecuario do Brasil Central Sao Paulo, SP (Brasil): Sociedade Impressora Brasileira - Brusco, 1942. p. 187-200 (BR6010109-AM)L00
650 _aProducao animal
650 _aGado de corte
650 _aExposicao pecuaria
650 _aMelhoramento animal
650 _aControle de qualidade
773 0 _tAnais do 1. Congresso Pecuario do Brasil Central
_wL00 BR6010109
_gSao Paulo, SP (Brasil), 1942. p. 187-200
909 _a202404
_bLucia
_c55
_dLucia Elande
942 _cAM
_2AGRIS
999 _c303190
_d303190